Responses for Show #1139 - Thursday, July 13, 1989

1989 Senior Tournament quarterfinal game 4.

Contestants

[<< previous game]

Bob Drez, a teacher from Hattiesburg, Mississippi

Elsie Taulman, a registered nurse from Stockton, California

Ruth Boyd, a librarian originally from New York City

Jeopardy! Round responses

ANATOMY
IN THE DICTIONARY
BOTTOMS UP
MUSIC TRIVIA
NORTH CAROLINA
M*A*S*H
    $100 22
epidermis

Bob
    $100 12
the dodo

Elsie
    $100 14
pink

Bob
    $100 7
the Israel Philharmonic

Ruth
    $100 1
(Bob: [*]. What is [*]?)

tar

Bob
    $100 4
Hawkeye

Ruth
    $200 13
a nostril

Ruth
    $200 15
(Bob: What is a berg? [*]?)

iceberg

Bob
    $200 19
grasshopper

Bob
    $200 8
the Boston Pops

Bob
    $200 2
veto

Bob
    $200 5
Radar

Ruth
    $300 23
a stirrup

Ruth
    $300 16
a sconce

Bob
    $300 20
vodka

Ruth
    $300 9
Gracie Fields

Ruth
    $300 3
(2 of) North Carolina, Duke (or N.C. State)

Ruth
    $300 6
B.J. Hunnicutt

Triple Stumper
    $400 24
your esophagus

Elsie
    $400 17
field

Triple Stumper
    $400 21
(Angostura) bitters

Elsie
    $500 10
John Philip Sousa

Ruth
    $400 28
Cape Hatteras

Elsie
    $400 27
Klinger

Elsie
    $500 25
your kidneys

Elsie
    $500 18
a swathe (swath)

Ruth
    $500 26
(Elsie: What is kirsch?)

creme de cassis

Elsie
Triple Stumper
    $500 11
On the Town (or Wonderful Town)

Bob
    $500 29
the original settlement by Sir Walter Raleigh (on Roanoke Island)

Bob
    $500 30
a psychiatrist

Elsie

Scores at the first commercial break (after clue 15):

Ruth Elsie Bob
$1,700 $100 $1,300

Scores at the end of the Jeopardy! Round:

Ruth Elsie Bob
$2,800 $2,200 $2,400

Double Jeopardy! Round responses

SHAKESPEAREAN ACTORS
THE 1940s
THE RIVIERA
AUTHORS
HORSES
FAMOUS RIDERS
    $200 16
Hamlet

Elsie
    $200 1
shoes

Ruth
    $200 30
Cannes

Bob
    $200 6
Spanish

Bob
    $200 11
January 1st

Bob
    $200 27
Buddha

Bob
    $400 24
Puck

Ruth
    $400 2
an arm

Ruth
    $4,000 26
(Alex: We've got a minute to go.)

Genoa

Elsie
    $400 7
Casanova

Elsie
    $400 12
oats

Elsie
    $400 17
(Ulysses) Grant

Elsie
    $600 25
King Lear

Elsie
    $600 3
sank same

Elsie
    $600 21
Monte Carlo

Elsie
    $600 8
Erskine Caldwell

Elsie
    $600 13
the (coal) mines

Elsie
    $600 18
Sam Houston

Bob
    $800 28
Olivia Hussey

Triple Stumper
    $2,200 4
(Elsie: What is South Pacific?)

Death of a Salesman

Elsie
    $800 22
Nice

Bob
    $800 9
William Faulkner

Ruth
    $800 14
Thoroughbreds

Ruth
    $800 19
(Elsie: Who is Tom Mix?)

Ken Maynard

Elsie
Triple Stumper
    $1000 29
(1 of) Macbeth (or Othello)

Bob
    $1000 5
John L. Lewis

Ruth
    $1000 23
the Côte d'Azur

Bob
    $1000 10
Dostoevsky

Elsie
    $1000 15
Lipizzaners

Ruth
    $1000 20
Roland

Elsie

Scores at the end of the Double Jeopardy! Round:

Ruth Elsie Bob
$7,400 $9,600 $6,600

Final Jeopardy! Round responses

IN THE NEWS
BobWhat is 1992?
$6,500
RuthWhat is 2000?
$2,600
ElsieWhat is 2000?
$1,500
1992

Final scores:

Ruth Elsie Bob
$4,800 $8,100 $13,100
3rd place: $1,000 if eliminated 2nd place: $1,000 if eliminated Automatic semifinalist

Game dynamics:

Coryat scores:

Ruth Elsie Bob
$7,300 $8,200 $6,600
17 R
(including 1 DD),
0 W
19 R
(including 1 DD),
3 W
(including 1 DD)
18 R,
0 W

Combined Coryat: $22,100

[game clues] [game scores] [suggest correction]

Game tape date: 1989-02-27
The J! Archive is created by fans, for fans. Scraping, republication, monetization, and malicious use prohibited; this site may use cookies and collect identifying information. See terms. The Jeopardy! game show and all elements thereof, including but not limited to copyright and trademark thereto, are the property of Jeopardy Productions, Inc. and are protected under law. This website is not affiliated with, sponsored by, or operated by Jeopardy Productions, Inc. Join the discussion at JBoard.tv.